Crisis de Hegemonía de Estados Unidos /
Se realiza una reflexión en torno a la cuestión étnica en Estados Unidos y, en particular, los efectos que tiene el crecimiento de la población de orígenes afroamericanos y latinoamericanos en ese país. El autor se interesa especialmente en las implicaciones que tendría sobre la legitimidad de las a...
Uloženo v:
| Hlavní autor: | |
|---|---|
| Další autoři: | |
| Médium: | Text |
| Vydáno: |
México, D. F:
CLACSO. Siglo Ventiuno Editores
|
| Témata: | |
| Tagy: |
Přidat tag
Žádné tagy, Buďte první, kdo vytvoří štítek k tomuto záznamu!
|
MARC
| LEADER | 00000 a a2200000 04500 | ||
|---|---|---|---|
| 001 | 37304 | ||
| 003 | |||
| 040 | |||
| 020 | |a 978-968-23-2676-9 | ||
| 090 | |a US.0003 C932c | ||
| 100 | |a Castillo Fernéndez, Didímo | ||
| 245 | |a Crisis de Hegemonía de Estados Unidos / |c Didímo Castillo Fernéndez | ||
| 260 | |a México, D. F: |b CLACSO. Siglo Ventiuno Editores | ||
| 520 | |a Se realiza una reflexión en torno a la cuestión étnica en Estados Unidos y, en particular, los efectos que tiene el crecimiento de la población de orígenes afroamericanos y latinoamericanos en ese país. El autor se interesa especialmente en las implicaciones que tendría sobre la legitimidad de las actuales relaciones étnicas y, además, incursiona en el campo de las posibles alianzas futuras entre afroamericanos y latinos | ||
| 650 | |a FACTORES ETNICOS | ||
| 650 | |a CRECIMIENTO DEMOGRAFICO | ||
| 650 | |a ESTADOS UNIDOS | ||
| 700 | |a Caputo Leiva, Orlando |a Grobart Sunchine, Fabio |a Hernández Martínez, Jorge |a I. Canales, Alejandro |a Martins, Carlos Eduardo |a Priestley, George |a Quintero Rivera, Ängen G. |a Salinas Figueredo, Darío |a Suárez Salazar, Luis |a Toro Pérez | ||
| 999 | |c 8002 |d 8002 | ||



